Water Quality Issues in the 110th Congress : Oversight and Implementation.

Outlines water quality-related Congressional activity since P.L. 100-4, the Water Quality Act of 1987. Examines water quality issues in the 110th Congress, including authorization of wastewater infrastructure funding, regulatory protection of wetlands, and appropriations for FY2007 and FY2008.

Bibliographic Details
Corporate Authors: Library of Congress. Congressional Research Service, ProQuest (Firm)
Format: eBook
Language:English
Published: [Place of publication not identified] : [publisher not identified], 2007.
Series:U.S. Congressional Research.
Subjects:
Online Access:Connect to the full text of this electronic book

MARC

Tag First Indicator Second Indicator Subfields
LEADER 00000cam a22000001a 4500
001 in00003418708
006 m d f
007 cr bn mmmapmmp
008 101220s2007 dcu o f000 0 eng d
005 20260501143201.6
035 |a cis2007862234 
040 |a ProQuest  |c ProQuest  |d UtOrBLW 
043 |a n-us--- 
099 |a CRS-2007-RSI-0378 
110 2 |a Library of Congress.  |b Congressional Research Service. 
245 1 0 |a Water Quality Issues in the 110th Congress :  |b Oversight and Implementation. 
264 1 |a [Place of publication not identified] :  |b [publisher not identified],  |c 2007. 
300 |a 1 online resource. 
336 |a text  |b txt  |2 rdacontent 
337 |a computer  |b c  |2 rdamedia 
338 |a online resource  |b cr  |2 rdacarrier 
500 |a Record is based on bibliographic data in ProQuest U.S. Congressional Research Digital Collection (last viewed Dec. 2010). Reuse except for individual research requires license from ProQuest, LLC. 
500 |a CRS Report. 
520 |a Outlines water quality-related Congressional activity since P.L. 100-4, the Water Quality Act of 1987. Examines water quality issues in the 110th Congress, including authorization of wastewater infrastructure funding, regulatory protection of wetlands, and appropriations for FY2007 and FY2008. 
500 |a Electronic resource. 
650 0 |a Environmental law. 
650 0 |a Sewage. 
650 0 |a Water  |x Pollution. 
655 7 |a Electronic books.  |2 local 
710 2 |a ProQuest (Firm) 
776 0 8 |i Microfiche version:   |a Library of Congress. Congressional Research Service.  |t Water Quality Issues in the 110th Congress 
830 0 |a U.S. Congressional Research. 
856 4 0 |u http://proxy.library.tamu.edu/login?url=https://congressional.proquest.com/congcomp/getdoc?CRDC-ID=CRS-2007-RSI-0378  |z Connect to the full text of this electronic book  |t 0 
999 |a MARS 
999 f f |s 341e275f-7721-3c08-8b38-fc6b2d548d1f  |i f02d3ebf-20a2-313f-b4e6-86d3ce029e93  |t 0 
952 f f |a Texas A&M University  |b College Station  |c Electronic Resources  |s www_evans  |d Available Online  |t 0  |e CRS-2007-RSI-0378  |h Other scheme 
998 f f |a CRS-2007-RSI-0378  |t 0  |l Available Online